000
00298nam a22001337a 4500
008
190205b xxu||||| |||| 00| 0 eng d
020
_a
0534519121
041
_a
eng
080
_2
10th
_a
574
100
_a
9
101
_a
MJE
245
_a
Living in the Environment
_c
Miller, G.T
942
_2
udc
_c
BK
999
_c
54041
_d
54041